LEADER 01234nam--2200361---450 001 990001292220203316 005 20200907100817.0 035 $a000129222 035 $aUSA01000129222 035 $a(ALEPH)000129222USA01 035 $a000129222 100 $a20031201d1981----km-y0itay0103----ba 101 0 $aita 102 $aIT 105 $a||||||||001yy 200 1 $a<> comentari$fdi Enea Silvio Piccolomini$ga cura [e trad.] di Giuseppe Bernetti 210 $aMilano$cLonganesi$d1981 215 $a2 volumi (1469 p. compl.) 225 2 $a<> cento libri$v55 312 $aCommentarii rerum memorabilium quae temporibus suis contigerunt 410 0$12001$a<> cento libri$v55 454 1$12001$aCommentarii rerum memorabilium quae temporibus suis contigerunt$914190 676 $a878.04 700 0$aPIUS $0177706 702 1$aBERNETTI,$bGiuseppe 801 0$aIT$bsalbc$gISBD 912 $a990001292220203316 951 $aX.1.A. 12/1 (Varie coll. 204/55 1)$b93592 L.M.$cVarie coll. 951 $aX.1.A. 12/2 (Varie coll. 204/55 2)$b93593 L.M.$cVarie coll. 959 $aBK 969 $aUMA 996 $aCommentarii rerum memorabilium quae temporibus suis contigerunt$914190 997 $aUNISA LEADER 01745nam 2200553 a 450 001 9910787536003321 005 20230725035854.0 010 $a1-62808-825-7 035 $a(CKB)2670000000419767 035 $a(EBL)3022686 035 $a(SSID)ssj0000949823 035 $a(PQKBManifestationID)11521885 035 $a(PQKBTitleCode)TC0000949823 035 $a(PQKBWorkID)11004069 035 $a(PQKB)10261799 035 $a(MiAaPQ)EBC3022686 035 $a(Au-PeEL)EBL3022686 035 $a(CaPaEBR)ebr10733708 035 $a(OCoLC)923669498 035 $a(EXLCZ)992670000000419767 100 $a20110214d2011 uy 0 101 0 $aeng 135 $aur|n|---||||| 181 $ctxt 182 $cc 183 $acr 200 00$aCannabis sativa for health and hemp$b[electronic resource] /$fEthan L. Clark, editor 210 $aHauppauge, N.Y. $cNova Science Publisher$dc2011 215 $a1 online resource (181 p.) 225 1 $aPublic health in the 21st century 300 $aDescription based upon print version of record. 311 $a1-61209-982-3 320 $aIncludes bibliographical references and index. 410 0$aPublic health in the 21st century series. 606 $aCannabinoids$xTherapeutic use$zUnited States 606 $aCannabis$zUnited States 606 $aMarijuana$xLaw and legislation$zUnited States 615 0$aCannabinoids$xTherapeutic use 615 0$aCannabis 615 0$aMarijuana$xLaw and legislation 676 $a615/.7827 701 $aClark$b Ethan L$01538731 801 0$bMiAaPQ 801 1$bMiAaPQ 801 2$bMiAaPQ 906 $aBOOK 912 $a9910787536003321 996 $aCannabis sativa for health and hemp$93789011 997 $aUNINA